A division of the spoils : (Record no. 234562)
[ view plain ]
| 000 -LEADER | |
|---|---|
| fixed length control field | 00764cam a2200253 i 4500 |
| 001 - CONTROL NUMBER | |
| control field | 1742748 |
| 003 - CONTROL NUMBER IDENTIFIER | |
| control field | Nust |
| 005 - DATE AND TIME OF LATEST TRANSACTION | |
| control field | 20220830103330.0 |
| 008 - FIXED-LENGTH DATA ELEMENTS--GENERAL INFORMATION | |
| fixed length control field | 750710s1975 nyu 000 1 eng |
| 010 ## - LIBRARY OF CONGRESS CONTROL NUMBER | |
| LC control number | 75000879 |
| 020 ## - INTERNATIONAL STANDARD BOOK NUMBER | |
| International Standard Book Number | 9780099478836 |
| 040 ## - CATALOGING SOURCE | |
| Original cataloging agency | DLC |
| Transcribing agency | DLC |
| Modifying agency | DLC |
| 050 00 - LIBRARY OF CONGRESS CALL NUMBER | |
| Classification number | PZ4.S428 |
| Item number | Di3 |
| Classification number | PR6069.C596 |
| 082 00 - DEWEY DECIMAL CLASSIFICATION NUMBER | |
| Classification number | 813.54 |
| Author Mark | SPA |
| 100 1# - MAIN ENTRY--PERSONAL NAME | |
| Personal name | Scott, Paul, |
| Dates associated with a name | 1920-1978. |
| 9 (RLIN) | 98652 |
| 245 12 - TITLE STATEMENT | |
| Title | A division of the spoils : |
| Remainder of title | a novel / |
| Statement of responsibility, etc. | by Paul Scott. |
| 260 ## - PUBLICATION, DISTRIBUTION, ETC. | |
| Place of publication, distribution, etc. | New York : |
| Name of publisher, distributor, etc. | Morrow, |
| Date of publication, distribution, etc. | 1975. |
| 300 ## - PHYSICAL DESCRIPTION | |
| Extent | 659 p. ; |
| Dimensions | 24 cm. |
| 650 #0 - SUBJECT ADDED ENTRY--TOPICAL TERM | |
| Topical term or geographic name entry element | British |
| Geographic subdivision | India |
| General subdivision | Fiction. |
| 9 (RLIN) | 98653 |
| 651 #0 - SUBJECT ADDED ENTRY--GEOGRAPHIC NAME | |
| Geographic name | India |
| General subdivision | History |
| Chronological subdivision | 20th century |
| General subdivision | Fiction. |
| 9 (RLIN) | 91515 |
| 655 #7 - INDEX TERM--GENRE/FORM | |
| Genre/form data or focus term | Historical fiction. |
| Source of term | gsafd |
| 906 ## - LOCAL DATA ELEMENT F, LDF (RLIN) | |
| a | 7 |
| b | cbc |
| c | orignew |
| d | 2 |
| e | ocip |
| f | 19 |
| g | y-gencatlg |
| 942 ## - ADDED ENTRY ELEMENTS (KOHA) | |
| Source of classification or shelving scheme | |
| Koha item type | Book |
| Withdrawn status | Lost status | Source of classification or shelving scheme | Damaged status | Not for loan | Permanent Location | Current Location | Shelving location | Date acquired | Total Checkouts | Full call number | Barcode | Date last seen | Date last checked out | Copy number | Price effective from | Koha item type |
|---|---|---|---|---|---|---|---|---|---|---|---|---|---|---|---|---|
| Central Library (CL) | Central Library (CL) | Fiction | 03/24/2017 | 6 | 813.54 SCO | CL1876 | 04/24/2026 | 03/12/2026 | 1 | 03/24/2017 | Book |
